000 00319nam a2200157Ia 4500
100 _aAibara/Firuza
650 _aHTML
942 _cBK
366 _f20
245 _aHTML for begineers
260 _bShroff Publishers
_c2010
082 _a4.65
_bAIB
300 _a327
546 _aENGLISH
_cComputers
999 _c34456
_d34456